Efektívne vedenie ľudí diplomová práca

Gespeichert in:
Bibliographische Detailangaben
1. Verfasser: Csémyová, Zuzana
Körperschaft: Fakulta podnikového manažmentu EU. Katedra manažmentu
Weitere Verfasser: Vogl, Michaela
Format: Buch
Sprache:Slowakisch
Veröffentlicht: Bratislava 2009
Tags: Tag hinzufügen
Keine Tags, Fügen Sie das erste Tag hinzu!

MARC

LEADER 00000nam$a2200000$$$4500
001 0101721
005 20240320074922.5
041 0 |a slo 
044 |a SK 
245 1 0 |a Efektívne vedenie ľudí  |b diplomová práca  |c Zuzana Csémyová ; škol. Michaela Vogl 
264 1 |a Bratislava  |c 2009 
300 |a 94 s. 
100 1 |a Csémyová, Zuzana 
700 1 |a Vogl, Michaela 
710 2 |a Fakulta podnikového manažmentu EU. Katedra manažmentu